000 00412nam a2200181Ia 4500
005 20250425162009.0
008 250425s9999 xx 000 0 und d
041 _aeng
082 _a627
100 _aRUSSELL, GEORGE E.
245 0 _aHIDRAULICS
250 _a5TH ED.
260 _aEstados Unidos
_bHENRY HOLT AND COMPANY
_c1950
260 _aNEW YORK
300 _a468
942 _c01
010 _a39303
999 _c220324
_d220324